MARC

LEADER 00000nam0a2200000 4500
001 374135
005 20231102012627.0
035 |a (RuTPU)RU\TPU\retro\31569 
035 |a RU\TPU\book\303896 
090 |a 374135 
100 |a 20221216d1985 k y0rusy50 ca 
101 0 |a rus 
102 |a RU 
105 |a a z 001zy 
200 1 |a Биостратиграфия и литология палеозоя Южного и Среднего Урала  |f Академия наук СССР (АН СССР), Башкирский филиал (БФ), Институт геологии (ИГ) ; под ред. В. А. Маслова 
210 |a Уфа  |c Изд-во АН СССР  |d 1985 
215 |a 69 с.  |c ил. 
320 |a Библиография в конце статей 
606 |a Палеонтология  |2 stltpush  |3 (RuTPU)RU\TPU\subj\47998  |9 66880 
610 1 |a стратиграфия 
610 1 |a Магнитогорское мегасинклинория 
610 1 |a девонские комплексы 
610 1 |a биостратиграфия 
610 1 |a остракоды 
610 1 |a терригенные свиты 
675 |a 56  |v 3 
702 1 |a Маслов  |b В. А.  |4 340 
712 0 2 |a Академия наук СССР (АН СССР)  |b Башкирский филиал (БФ)  |b Институт геологии (ИГ)  |c (Уфа)  |c (1968-1988)  |2 stltpush  |3 (RuTPU)RU\TPU\col\10647 
801 1 |a RU  |b 63413507  |c 20150110 
801 2 |a RU  |b 63413507  |c 20221216  |g RCR 
942 |c BK